| 000 | 00472nam a2200169 i 4500 | ||
|---|---|---|---|
| 001 | 44725 | ||
| 003 | ES-MaACL | ||
| 005 | 20260617125143.0 | ||
| 007 | t| | ||
| 008 | 030324s1916 fr ||||1| fre d | ||
| 100 |
_aClaudel, Paul, _d1868-1955 _9239252 |
||
| 245 | 1 | 0 |
_aAutres poèmes durant la guerre / _cPaul Claudel. |
| 250 | _a3ème ed. | ||
| 260 |
_aParis : _bEditions de la Nouvelle Revue Française, _c1916. |
||
| 852 |
_aES-MaACL _j1518-F-4 |
||
| 999 |
_c44725 _d44725 |
||